Bibliografia małżeństwa i rodziny

Titel: Bibliografia małżeństwa i rodziny : 1945 - 1989 / red. Edward Ozorowski
Beteiligt:
Veröffentlicht: Warszawa : Wydawn. Uniwersytetu Kardynała Stefana Wyszyńskiego, 2005
Umfang: 636 S.
Format: Buch
Sprache: Polnisch
Schlagworte:
ISBN: 8370723659
Buchumschlag
X
Lokale Klassifikation: 32 13 J ; 32 1 C
alg: 17695371
001A    $03004:05-04-06 
001B    $01999:26-05-23 $t21:03:43.000 
001C    $03004:05-04-06 $t14:26:03.000 
001D    $03004:05-04-06 
001U    $0utf8 
001X    $00 
002@    $0Aau 
003@    $017695371X 
003O    $0193865464 $aOCoLC 
004A    $083-7072-365-9 
007A    $017695371X $aHEB 
007G    $0DE020C1B58EB5F4E0B186C1257C3F003EBF9B 
007T    $0Herdhh17695371X 
009P    $qapplication/pdf $A2 $3Inhaltsverzeichnis $uhttp://scans.hebis.de/HEBCGI/show.pl?17695371_toc.pdf $mV:DE-603;B:DE-Mb50 
010@    $apol 
011@    $a2005 
021A    $aBibliografia małżeństwa i rodziny $d1945 - 1989 $hred. Edward Ozorowski 
028C    $BHrsg. $7 $8Ozorowski, Edward [Tnx] $9164767754 
033A    $pWarszawa $nWydawn. Uniwersytetu Kardynała Stefana Wyszyńskiego 
034D    $a636 S. 
044K    $REhe $RLineage $#Families $#Famille $#Familien $74016397-0 $8Familie [Ts1] $9085038393 
044K    $RFamilie $REheliche Lebensgemeinschaft $#Married people $#Married people Psychology $#Marriage $#Couples $#Couples Psychologie $#Mariage $#Ehe $#Ehe $#Eheleben $#Ehen $74013630-9 $8Ehe [Ts1] $9085030112 
045F    $a306.09438 $eDDC23BSB 
045F/01 $a306.09 
045F/03 $g438 
045G    $a907.209438 $eDDC23BSB 
045G/01 $a907.2 
045G/03 $g438 
045H    $a610.9438 $eDDC23BSB 
045H/01 $a610.9 
045H/03 $g438 

lok: 17695371 24
101B    $007-04-06 $t15:29:30.000 
101C    $007-04-06 
145Z/01 $a32 13 J 
145Z/02 $a32 1 C 
101U    $0utf8 

exp: 17695371 24 1 #EPN
201B/01 $007-04-06 $t15:29:30.000 
201C/01 $005-04-06 
203@/01 $0381431320 
208@/01 $a07-04-06 $bz 
209A/01 $a06.1950 $du $f050 $h06 1950 $x00 
209C/01 $a06.1950 T $h06 1950 T 
209G/01 $a71350533 $x00 
220C/01 $agro 
247C/01 $8358050-7 Marburg, Bibliothek des Herder-Instituts Marburg $9102600961 
201U/01 $0utf8 

lok: 17695371 78

exp: 17695371 78 1 #EPN
201B/01 $019-04-17 $t20:01:40.000 
201U/01 $0utf8 
203@/01 $0794132006 
208@/01 $a12-11-16 $be 
209A/01 $a/ $f000 $x00 
237A/01 $aweiterführende Signatur(en): Herder-Institut: 06.1950 
244Z/01 $2Trx $#Poola $#Lenkija $#Polija $#Polen Land $#Poland $#Lengyelország $#Poľsko $#Polsko $8--Trx--Polska$gkraj $x01 $9391345966 
244Z/01 $aGeschichte 1945-1989 $x02 
244Z/01 $2Trx $#dzieło zbiorowe $8--Trx--Sammelwerk $x03 $9391384597 
245Z/01 $a09.09 $x01 
247C/01 $82080>Marburg/Lahn, Herder-Institut, Forschungsbibliothek, Bibliographieportal $9336309341
LEADER 00000cam a2200000 c 4500
001 17695371X
003 DE-603
005 20230526210343.0
007 tu
008 060405s2005 xx |||| | u00||u|pol c
020 |a 8370723659 
035 |a (DE-599)HEB17695371X 
035 |a (OCoLC)193865464 
040 |a DE-603  |b ger  |c DE-603  |d DE-603 
041 |a pol 
082 0 4 |8 1\u  |a 306.09438  |q DE-101  |2 23/BSB 
083 0 |8 2\u  |a 907.209438  |q DE-101  |2 23/BSB 
083 0 |8 3\u  |a 610.9438  |q DE-101  |2 23/BSB 
085 |8 1\u  |b 306.09 
085 |8 1\u  |z 2  |s 438 
085 |8 2\u  |b 907.2 
085 |8 2\u  |z 2  |s 438 
085 |8 3\u  |b 610.9 
085 |8 3\u  |z 2  |s 438 
245 0 0 |a Bibliografia małżeństwa i rodziny  |b 1945 - 1989  |c red. Edward Ozorowski 
264 1 |a Warszawa  |b Wydawn. Uniwersytetu Kardynała Stefana Wyszyńskiego  |c 2005 
300 |a 636 S. 
650 7 |a Familie  |0 (DE-588)4016397-0  |0 (DE-603)085038393  |2 gnd 
650 7 |a Ehe  |0 (DE-588)4013630-9  |0 (DE-603)085030112  |2 gnd 
700 1 |a Ozorowski, Edward  |e Hrsg.  |4 edt  |0 (DE-603)164767754 
856 4 2 |m V:DE-603;B:DE-Mb50  |q application/pdf  |u http://scans.hebis.de/HEBCGI/show.pl?17695371_toc.pdf  |3 Inhaltsverzeichnis 
924 0 |9 Mb 50  |a (DE-603)381431320  |b DE-Mb50  |c HES  |d c  |g 06.1950 
924 0 |9 2080  |a (DE-603)794132006  |b DE-2080  |c HES  |d d  |g /